[Event "I Festival Costa Viola A"]
[Site "Bagnara Calabra ITA"]
[Date "2008.01.06"]
[Round "7"]
[White "Blasco, Domenico"]
[Black "Cordi', Domenico"]
[Result "1-0"]
[WhiteElo "2022"]
[BlackElo "2045"]
[PlyCount "91"]
[EventDate "2008.01.02"]

1. d4 Nf6 2. Nf3 g6 3. Nbd2 d5 4. e3 Bg7 5. Be2 c6 6. O-O Nbd7 7. c3 Qc7 8. b4
O-O 9. a4 e5 10. Nxe5 Nxe5 11. dxe5 Qxe5 12. Bb2 a5 13. Nf3 Qc7 14. Qb3 Qb6 15.
b5 Ne4 16. c4 Nc5 17. Qa3 dxc4 18. Bxg7 Kxg7 19. Bxc4 cxb5 20. Bxb5 Bf5 21. Nd4
Be4 22. Rac1 Rac8 23. Rc3 Ne6 24. Nxe6+ Qxe6 25. Rfc1 Qg4 26. Bf1 Bc6 27. Rc4
Qd7 28. Qc3+ Kg8 29. Rc5 Ra8 30. Bb5 Bxb5 31. axb5 Rfd8 32. h3 a4 33. Qf6 Qd6
34. Qxd6 Rxd6 35. Rc8+ Rxc8 36. Rxc8+ Kg7 37. Ra8 Rd1+ 38. Kh2 Rb1 39. Rxa4
Rxb5 40. Kg3 Kf6 41. Kf4 Rb2 42. f3 h5 43. g4 g5+ 44. Ke4 h4 45. f4 Rh2 46. Rb4
{...} 1-0

[Event "I Festival Costa Viola A"]
[Site "Bagnara Calabra ITA"]
[Date "2008.01.06"]
[Round "7"]
[White "Collutiis, Duilio"]
[Black "Efimov, Igor"]
[Result "1/2-1/2"]
[WhiteElo "2402"]
[BlackElo "2468"]
[PlyCount "26"]
[EventDate "2008.01.02"]

1. e4 d6 2. d4 Nf6 3. Nc3 g6 4. Nf3 Bg7 5. Be3 O-O 6. Qd2 c6 7. Bh6 Qa5 8. Bd3
Bg4 9. Bxg7 Kxg7 10. e5 Nfd7 11. exd6 exd6 12. Qg5 Qxg5 13. Nxg5 Nf6 1/2-1/2

[Event "I Festival Costa Viola A"]
[Site "Bagnara Calabra ITA"]
[Date "2008.01.06"]
[Round "7"]
[White "Drasko, Milan"]
[Black "Stromboli, Carlo"]
[Result "1-0"]
[WhiteElo "2540"]
[BlackElo "2257"]
[PlyCount "51"]
[EventDate "2008.01.02"]

1. Nf3 Nf6 2. g3 e6 3. Bg2 d5 4. O-O Be7 5. c4 c5 6. cxd5 exd5 7. d4 cxd4 8.
Nxd4 O-O 9. Nc3 Nc6 10. Be3 Be6 11. Qa4 Qd7 12. Rfd1 Rfd8 13. Rac1 a6 14. Nxe6
Qxe6 15. Bb6 Rd7 16. Qb3 Bd8 17. Be3 Ne7 18. Na4 b6 19. Nxb6 Bxb6 20. Qxb6 Rd6
21. Qb3 Rad8 22. Bc5 R6d7 23. Qe3 Ne4 24. Bxe7 Rxe7 25. Bxe4 Qxe4 26. Qxe4 1-0

[Event "I Festival Costa Viola A"]
[Site "Bagnara Calabra ITA"]
[Date "2008.01.06"]
[Round "7"]
[White "Ljubisavljevic, Zivojin Z."]
[Black "Stromboli, Ettore"]
[Result "1/2-1/2"]
[WhiteElo "2272"]
[BlackElo "2303"]
[PlyCount "70"]
[EventDate "2008.01.02"]

1. Nf3 Nf6 2. c4 b6 3. g3 Bb7 4. Bg2 e6 5. O-O Be7 6. d4 O-O 7. Nc3 Ne4 8. Qc2
Nxc3 9. Qxc3 f5 10. h4 Bf6 11. Bg5 Qe7 12. Rac1 d6 13. Bxf6 Qxf6 14. c5 Nc6 15.
cxd6 cxd6 16. d5 Nd8 17. Qxf6 Rxf6 18. dxe6 Nxe6 19. Rfd1 Re8 20. e3 Rd8 21.
Nd4 Nxd4 22. Rxd4 Bxg2 23. Kxg2 Rd7 24. Kf3 Kf7 25. Rc8 Ke6 26. Rh8 h6 27. Re8+
Kf7 28. Rc8 Ke6 29. b3 Rff7 30. Kf4 Rc7 31. Rc4 Rxc4+ 32. Rxc4 Kd7 33. f3 g6
34. Rc3 Rf8 35. Rc2 Rf7 1/2-1/2

[Event "I Festival Costa Viola A"]
[Site "Bagnara Calabra ITA"]
[Date "2008.01.06"]
[Round "7"]
[White "Marincolo, Piercarlo"]
[Black "Gad, Ahmad"]
[Result "1/2-1/2"]
[WhiteElo "1939"]
[BlackElo "1947"]
[PlyCount "27"]
[EventDate "2008.01.02"]

1. e4 a6 2. d4 d6 3. Nf3 g6 4. c3 Bg7 5. Be3 Nf6 6. Bd3 b5 7. Nbd2 Bb7 8. O-O
Nbd7 9. h3 O-O 10. Qe2 e5 11. Rac1 Re8 12. Bg5 h6 13. Bh4 c5 14. Rfd1 1/2-1/2

[Event "I Festival Costa Viola A"]
[Site "Bagnara Calabra ITA"]
[Date "2008.01.06"]
[Round "7"]
[White "Piccoli, Vincenzo"]
[Black "Gambardella, Piero"]
[Result "0-1"]
[WhiteElo "1950"]
[BlackElo "2031"]
[PlyCount "50"]
[EventDate "2008.01.02"]

1. e4 e5 2. Nf3 Nc6 3. Bc4 Nf6 4. d3 Be7 5. Nbd2 d6 6. a4 Be6 7. O-O O-O 8. a5
a6 9. c3 Qd7 10. Re1 Rfe8 11. Bb3 Bf8 12. Nf1 h6 13. Ng3 d5 14. Qe2 Rad8 15.
Ba4 dxe4 16. Nxe5 Qd5 17. Bxc6 bxc6 18. d4 c5 19. Nxe4 Nxe4 20. Qxe4 Qxe4 21.
Rxe4 Bf5 22. Rf4 Rxe5 23. Be3 cxd4 24. Rd1 dxe3 25. Rxd8 e2 0-1

[Event "I Festival Costa Viola A"]
[Site "Bagnara Calabra ITA"]
[Date "2008.01.06"]
[Round "7"]
[White "Scerbo, Antonio"]
[Black "Sabia, Corrado"]
[Result "0-1"]
[WhiteElo "2098"]
[BlackElo "2174"]
[PlyCount "83"]
[EventDate "2008.01.02"]

1. d4 d5 2. Nf3 Nf6 3. c4 c6 4. Nc3 dxc4 5. a4 Bf5 6. e3 e6 7. Bxc4 Bb4 8. O-O
O-O 9. Qe2 Bg6 10. Ne5 Nbd7 11. Nxg6 hxg6 12. Rd1 Qa5 13. Qc2 e5 14. Bd2 g5 15.
Bb3 Rad8 16. Ne2 e4 17. Ng3 Bxd2 18. Qxd2 Qxd2 19. Rxd2 a5 20. Rc1 g6 21. h3
Rfe8 22. Ne2 Kg7 23. Nc3 Nb6 24. Kf1 Nfd7 25. Ke2 f5 26. d5 Nc5 27. Ba2 Nd3 28.
Rcc2 Nb4 29. Rc1 Nxa2 30. Nxa2 Rxd5 31. Rxd5 Nxd5 32. Rc5 Ra8 33. Nc1 Nb4 34.
Nb3 b6 35. Rc4 c5 36. f3 exf3+ 37. Kxf3 Nd3 38. Rc3 Nxb2 39. Nd2 Nxa4 40. Rb3
Re8 41. Nc4 Re4 42. Nxb6 0-1

[Event "Weekend A Epifania"]
[Site "Torino ITA"]
[Date "2008.01.??"]
[Round "3"]
[White "Sola, Giuseppe"]
[Black "Martin, Tiziano"]
[Result "1-0"]
[WhiteElo "1951"]
[BlackElo "2016"]
[PlyCount "85"]
[EventDate "2008.01.03"]

1. e4 e5 2. Nf3 d6 3. d4 exd4 4. Nxd4 Nf6 5. Nc3 Be7 6. Bd3 Nc6 7. Nxc6 bxc6 8.
O-O O-O 9. Bg5 Rb8 10. Rb1 Ng4 11. Bf4 Bf6 12. Re1 Bd4 13. Bg3 Qf6 14. Qd2 h5
15. e5 Bxe5 16. Ne4 Qd8 17. h3 h4 18. Bf4 Nf6 19. Bxe5 dxe5 20. Qe3 Nd5 21.
Qxa7 Rb6 22. Qa5 f5 23. Nc3 e4 24. Bc4 Be6 25. Red1 Qg5 26. Nxd5 cxd5 27. Bxd5
Kh8 28. Bxe4 Bxa2 29. Ra1 Bc4 30. Bf3 Rg6 31. Qe5 c6 32. Rd4 Bd5 33. Bxd5 cxd5
34. Qxd5 Qf6 35. Ra8 Rxa8 36. Qxa8+ Kh7 37. Qd8 Qxd8 38. Rxd8 Rb6 39. b3 Rc6
40. c4 Kg6 41. Rd5 Kf6 42. Rb5 Ke6 43. Kf1 1-0

[Event "Weekend A Epifania"]
[Site "Torino ITA"]
[Date "2008.01.??"]
[Round "5"]
[White "Sorcinelli, Francesco"]
[Black "Barbiso, Tiziana"]
[Result "0-1"]
[WhiteElo "2119"]
[BlackElo "1919"]
[PlyCount "40"]
[EventDate "2008.01.03"]

1. d4 d5 2. c4 e6 3. Nf3 Nf6 4. g3 dxc4 5. Bg2 c5 6. O-O Nc6 7. Qa4 Bd7 8. Qxc4
Rc8 9. dxc5 Na5 10. Qd3 Bxc5 11. Rd1 Qb6 12. Bg5 Bb5 13. Qd2 Ne4 14. Qf4 Nxf2
15. Rd4 Nc6 16. Nc3 Nxd4 17. b4 Nxe2+ 18. Nxe2 Nh3+ 19. Kh1 Nxf4 20. bxc5 Qxc5
0-1

[Event "Weekend A Epifania"]
[Site "Torino ITA"]
[Date "2008.01.??"]
[Round "6"]
[White "Davi, Alessandro"]
[Black "Gallucci, Alessio"]
[Result "0-1"]
[WhiteElo "1966"]
[BlackElo "2078"]
[PlyCount "125"]
[EventDate "2008.01.03"]

1. d4 Nf6 2. c4 e6 3. Nf3 b6 4. g3 Ba6 5. b3 Bb4+ 6. Bd2 Be7 7. Bg2 d5 8. Ne5
Bb7 9. O-O O-O 10. Bc3 Nbd7 11. Nxd7 Qxd7 12. cxd5 exd5 13. Nd2 c5 14. Rc1 Rac8
15. Nf3 Ne4 16. Bb2 Bf6 17. e3 Rfd8 18. Qe2 Rc7 19. Rfd1 Qc8 20. Ne1 Ba6 21.
Qc2 Qe6 22. Nd3 Bxd3 23. Qxd3 Rdc8 24. Qf1 g5 25. f3 Nd6 26. e4 Bxd4+ 27. Bxd4
cxd4 28. Bh3 f5 29. Rxc7 Rxc7 30. Qd3 g4 31. exd5 Qxd5 32. fxg4 Nb5 33. Qxf5
Qxf5 34. gxf5 Rc2 35. a4 Nc3 36. Rd3 b5 37. Bf1 Rc1 38. Kg2 bxa4 39. bxa4 Nd5
40. Be2 Ne3+ 41. Kf3 Nxf5 42. Kf4 Ng7 43. Bg4 Rc4 44. Bd7 Kf7 45. Ke4 Nh5 46.
Bb5 Nf6+ 47. Ke5 Rc2 48. Rf3 Rc5+ 49. Kxd4 Rd5+ 50. Kc4 Rd2 51. h3 Ke7 52. Re3+
Kf8 53. g4 Rc2+ 54. Kd3 Rc7 55. g5 Nd5 56. Re8+ Kf7 57. h4 Nf4+ 58. Kd4 Ne6+
59. Kd5 Nf8 60. h5 a6 61. Rxf8+ Kxf8 62. Bxa6 Kg7 63. Bd3 0-1

[Event "Weekend A Epifania"]
[Site "Torino ITA"]
[Date "2008.01.??"]
[Round "6"]
[White "Mennuti, Alberto"]
[Black "Matta, Francesca"]
[Result "0-1"]
[WhiteElo "1779"]
[BlackElo "1918"]
[PlyCount "68"]
[EventDate "2008.01.03"]

1. d4 Nf6 2. c4 g6 3. Nc3 Bg7 4. e4 d6 5. Nf3 O-O 6. Be2 e5 7. O-O Na6 8. d5
Nc5 9. Qc2 a5 10. Be3 b6 11. a3 Ng4 12. Bxc5 dxc5 13. Ne1 Qh4 14. Bxg4 Bxg4 15.
Nd3 f5 16. f3 Bh5 17. Qf2 Qf6 18. b4 cxb4 19. axb4 axb4 20. Nxb4 g5 21. Nc6 Bg6
22. c5 Rxa1 23. Rxa1 fxe4 24. cxb6 cxb6 25. Ra7 g4 26. Ne7+ Kh8 27. Nxg6+ Qxg6
28. Nxe4 gxf3 29. Qg3 Bh6 30. Qxg6 hxg6 31. Kf2 Be3+ 32. Kxe3 fxg2 33. Ra1 Rf1
34. Ra8+ Kg7 0-1

[Event "Weekend A Epifania"]
[Site "Torino ITA"]
[Date "2008.01.??"]
[Round "6"]
[White "Sorgi, Paolo"]
[Black "Parodi, Alessandro"]
[Result "0-1"]
[WhiteElo "1921"]
[BlackElo "2011"]
[PlyCount "104"]
[EventDate "2008.01.03"]

1. e4 d6 2. d4 Nf6 3. Nc3 g6 4. f4 Bg7 5. Nf3 O-O 6. Bd3 Na6 7. Be3 c5 8. h3
Rb8 9. Qd2 b5 10. e5 b4 11. Ne2 Nd5 12. O-O Nxe3 13. Qxe3 cxd4 14. Nexd4 Qb6
15. Qe1 Nc5 16. Bc4 dxe5 17. fxe5 Be6 18. Bxe6 Nxe6 19. c3 bxc3 20. bxc3 Qc5
21. Kh1 Nf4 22. Qe4 Nd5 23. c4 Nb6 24. Rac1 Rbc8 25. Nb3 Qc6 26. Qxc6 Rxc6 27.
c5 Nd7 28. Nfd4 Ra6 29. e6 Ne5 30. exf7+ Nxf7 31. Rc2 Rc8 32. Re1 e5 33. Nb5
Bf8 34. Re4 Rb8 35. c6 Rxb5 36. c7 Nd6 37. c8=Q Nxc8 38. Rxc8 Rxa2 39. Nc1 Ra1
40. Re1 Rc5 41. Rxc5 Bxc5 42. g4 Ba3 43. Nd3 Rxe1+ 44. Nxe1 Bb2 45. Kg2 a5 46.
Kf3 a4 47. Nd3 a3 48. Nb4 Kf7 49. Ke4 Ke6 50. Na2 Kd6 51. h4 Kc5 52. h5 Kc4 0-1

[Event "Weekend A Epifania"]
[Site "Torino ITA"]
[Date "2008.01.??"]
[Round "6"]
[White "Turchetta, Gianluca"]
[Black "Barbiso, Tiziana"]
[Result "0-1"]
[WhiteElo "1934"]
[BlackElo "1919"]
[PlyCount "44"]
[EventDate "2008.01.03"]

1. e4 e6 2. d4 d5 3. exd5 exd5 4. Nf3 Bd6 5. Bd3 Ne7 6. O-O O-O 7. Bxh7+ Kxh7
8. Ng5+ Kg8 9. Qh5 Bf5 10. f4 f6 11. Nf3 Qd7 12. h3 Bg6 13. Qh4 Nf5 14. Qf2 Be7
15. g4 Nd6 16. f5 Ne4 17. Qe1 Bh7 18. Nh4 Bd6 19. Bf4 Re8 20. Ng6 Nc6 21. c3
Bxg6 22. fxg6 Ne7 0-1

[Event "IV Weekend per la Befana A"]
[Site "Riccione ITA"]
[Date "2008.01.05"]
[Round "4"]
[White "Fronzi, Ettore"]
[Black "Kanina, Adriatik"]
[Result "0-1"]
[WhiteElo "2007"]
[BlackElo "2110"]
[PlyCount "56"]
[EventDate "2008.01.03"]

1. d4 Nf6 2. c4 e6 3. Nf3 Bb4+ 4. Bd2 Qe7 5. a3 Bxd2+ 6. Nbxd2 O-O 7. e4 e5 8.
d5 d6 9. Bd3 Nh5 10. g3 Bh3 11. Bf1 Bxf1 12. Kxf1 Nd7 13. Kg2 f5 14. exf5 Rxf5
15. Ne4 Raf8 16. Nfd2 Nc5 17. Qe2 Nxe4 18. Nxe4 Nf6 19. Rhf1 Nxe4 20. Qxe4 Qg5
21. Rad1 Rf4 22. Qe2 h5 23. h3 h4 24. g4 e4 25. Qe3 Rxg4+ 26. hxg4 Qxg4+ 27.
Kh2 Rf3 28. Qxf3 Qxf3 0-1

[Event "I C.to Italiano a squadre femminile"]
[Site "Arvier ITA"]
[Date "2008.05.02"]
[Round "1"]
[White "Banki, Brigitta"]
[Black "Brunello, Marina"]
[Result "0-1"]
[WhiteElo "1792"]
[BlackElo "2035"]
[PlyCount "96"]
[EventDate "2008.05.02"]

1. e4 e5 2. Nf3 Nc6 3. Bc4 Bc5 4. c3 Nf6 5. b4 Bb6 6. d3 d6 7. Bg5 O-O 8. O-O
Be6 9. Nbd2 Qe7 10. Bxe6 fxe6 11. Nc4 Qf7 12. Qd2 Qg6 13. a4 a6 14. Nxb6 cxb6
15. Bxf6 Rxf6 16. Qe3 Raf8 17. Nh4 Qg4 18. Qg3 Qh5 19. h3 Rh6 20. b5 Ne7 21.
bxa6 bxa6 22. Rab1 Nc8 23. f4 Qxh4 24. Qxh4 Rxh4 25. fxe5 dxe5 26. Rxf8+ Kxf8
27. c4 Rf4 28. a5 Rf7 29. axb6 Rb7 30. c5 Ke7 31. Ra1 Nxb6 32. cxb6 Rxb6 33.
Ra5 Kf6 34. Kf2 Rb2+ 35. Kf3 Rb3 36. Rxa6 Rxd3+ 37. Ke2 Rb3 38. Ra7 h5 39. Ra8
Kg5 40. Rf8 Rb2+ 41. Kf3 h4 42. Rf7 Rb3+ 43. Kf2 g6 44. Rf3 Rb2+ 45. Kf1 Rb4
46. g3 Rxe4 47. gxh4+ Rxh4 48. Rg3+ Kf5 0-1

[Event "I C.to Italiano a squadre femminile"]
[Site "Arvier ITA"]
[Date "2008.05.02"]
[Round "1"]
[White "Brunello, Roberta"]
[Black "Hangonyi, Margit"]
[Result "1-0"]
[WhiteElo "1936"]
[BlackElo "1419"]
[PlyCount "87"]
[EventDate "2008.05.02"]

1. e4 d6 2. d4 Nf6 3. Nc3 g6 4. Be3 Bg7 5. h3 Nbd7 6. Nf3 O-O 7. e5 Re8 8. exf6
exf6 9. Bc4 f5 10. O-O Nf6 11. Bg5 c5 12. dxc5 dxc5 13. Qxd8 Rxd8 14. Nd5 Rd6
15. Nxf6+ Bxf6 16. Bxf6 Rxf6 17. Ng5 Kg7 18. Rad1 h6 19. Nxf7 Be6 20. Nd6 g5
21. Bxe6 Rxe6 22. Nxf5+ Kg6 23. Ne3 Rh8 24. Rd7 h5 25. Rfd1 Rhe8 26. Rxb7 g4
27. hxg4 hxg4 28. Rdd7 Re4 29. Rg7+ Kh5 30. Rh7+ Kg5 31. Rbg7+ Kf4 32. Rh5 Rxe3
33. Rf7+ Ke4 34. fxe3 Re5 35. Rxe5+ Kxe5 36. Kf2 Kd5 37. Kg3 Ke4 38. Re7+ Kd5
39. Kxg4 Kc4 40. Kf5 Kb4 41. g4 a5 42. g5 a4 43. a3+ Kb5 44. g6 1-0

[Event "I C.to Italiano a squadre femminile"]
[Site "Arvier ITA"]
[Date "2008.05.02"]
[Round "1"]
[White "Compagnoni, Ilaria"]
[Black "Barbiso, Tiziana"]
[Result "0-1"]
[WhiteElo "1323"]
[BlackElo "1970"]
[PlyCount "74"]
[EventDate "2008.05.02"]

1. e4 e6 2. Nc3 c5 3. Nf3 Nc6 4. Bb5 a6 5. Bd3 d6 6. O-O Nf6 7. Be2 Nd4 8. Bc4
b5 9. Be2 b4 10. Na4 Nxe4 11. d3 Nf6 12. Be3 Nxe2+ 13. Qxe2 Be7 14. Rae1 O-O
15. c3 Qa5 16. b3 bxc3 17. Rc1 d5 18. Ne5 d4 19. Bf4 Bb7 20. Nc4 Qd8 21. Nab6
Ra7 22. Qe5 Nd5 23. Nd6 Bxd6 24. Qxd6 Nxf4 25. Qxf4 Qxb6 26. Rce1 Qc6 27. Qg3
f6 28. h3 Ba8 29. f3 e5 30. Rf2 a5 31. f4 Re7 32. Ref1 e4 33. a4 exd3 34. Rf3
d2 35. Rd3 Re2 36. Rd1 Rxg2+ 37. Qxg2 Qxg2# 0-1

[Event "I C.to Italiano a squadre femminile"]
[Site "Arvier ITA"]
[Date "2008.05.02"]
[Round "1"]
[White "Costantini, Laura"]
[Black "Hu, Sofia"]
[Result "1-0"]
[WhiteElo "2029"]
[BlackElo "1413"]
[PlyCount "85"]
[EventDate "2008.05.02"]

1. e4 e5 2. Nf3 Nc6 3. Bc4 Bc5 4. c3 Nf6 5. d3 d6 6. O-O h6 7. b4 Bb6 8. a4 a6
9. Nbd2 d5 10. exd5 Nxd5 11. Qb3 Be6 12. g3 O-O 13. Re1 f6 14. a5 Ba7 15. Ne4
Rb8 16. Be3 Bxe3 17. fxe3 Re8 18. Nc5 Bf7 19. e4 Nce7 20. exd5 Nxd5 21. d4 Qd6
22. dxe5 fxe5 23. Rad1 c6 24. Qb2 Kh8 25. Ne4 Qc7 26. Bd3 Bh5 27. Ned2 Qf7 28.
Be4 Nf6 29. Qc2 Rbd8 30. Rf1 Qe6 31. Rde1 Nxe4 32. Qxe4 Bxf3 33. Nxf3 Re7 34.
Qxe5 Rde8 35. Qxe6 Rxe6 36. Rxe6 Rxe6 37. Re1 Rxe1+ 38. Nxe1 Kg8 39. Nd3 Kf7
40. Nc5 Ke7 41. Nxb7 Kd7 42. Nc5+ Kd6 43. Nxa6 1-0

[Event "I C.to Italiano a squadre femminile"]
[Site "Arvier ITA"]
[Date "2008.05.02"]
[Round "1"]
[White "Evangelista, Chiara"]
[Black "Ravazzolo, Gaia"]
[Result "0-1"]
[WhiteElo "1395"]
[BlackElo "1479"]
[PlyCount "96"]
[EventDate "2008.05.02"]

1. e4 e5 2. Nf3 Nf6 3. Nc3 Nc6 4. Bc4 Bc5 5. d3 O-O 6. Bg5 d6 7. h3 Nd4 8. Nxd4
Bxd4 9. Na4 a6 10. c3 Bxf2+ 11. Kxf2 b5 12. Bxb5 axb5 13. b3 bxa4 14. bxa4
Nxe4+ 15. dxe4 Qxg5 16. Kg1 Qe3+ 17. Kh2 Qxe4 18. Qe1 Qxe1 19. Rhxe1 Rxa4 20.
Re3 Bf5 21. Rf3 Bg6 22. Rg3 Rfa8 23. a3 Rxa3 24. Rxa3 Rxa3 25. h4 Ra4 26. Rh3
h6 27. g3 Bf5 28. g4 Bxg4 29. Rg3 Bf5 30. h5 Rh4+ 31. Kg2 Rxh5 32. Rf3 Be4 33.
Kg3 Bxf3 34. Kxf3 Rh1 35. Ke4 Rg1 36. c4 h5 37. Kd5 h4 38. Kc6 h3 39. Kxc7 h2
40. Kxd6 h1=Q 41. c5 Rd1+ 42. Kc7 Rc1 43. Kb6 Qg1 44. Kc6 Qxc5+ 45. Kd7 Qd5+
46. Ke7 Qe6+ 47. Kd8 Rd1+ 48. Kc7 Qc4+ 0-1

[Event "I C.to Italiano a squadre femminile"]
[Site "Arvier ITA"]
[Date "2008.05.02"]
[Round "1"]
[White "Goi, Veronika"]
[Black "Proietti, Tosca"]
[Result "1/2-1/2"]
[WhiteElo "1923"]
[BlackElo "1611"]
[PlyCount "114"]
[EventDate "2008.05.02"]

1. e4 c5 2. Nf3 Nc6 3. d4 cxd4 4. Nxd4 e5 5. Nb5 a6 6. Nd6+ Bxd6 7. Qxd6 Qf6 8.
Qd1 Qg6 9. Nc3 d5 10. Nxd5 Qxe4+ 11. Be3 Nd4 12. Nc7+ Ke7 13. Rc1 Bg4 14. Qd3
Qxd3 15. Bxd3 Rd8 16. f3 Be6 17. Be4 Rd7 18. Nxe6 Nxe6 19. O-O Nf6 20. Bf5 Nd4
21. Bxd7 Ne2+ 22. Kf2 Nxc1 23. Ba4 b5 24. Bxb5 axb5 25. Rxc1 Rd8 26. c4 bxc4
27. Rxc4 Rd7 28. a4 Kd6 29. b4 Rb7 30. b5 Nd7 31. Ke2 f5 32. g3 h6 33. h4 Nf6
34. Rc6+ Kd7 35. Rc5 Kd6 36. a5 Nd5 37. Bf2 Rxb5 38. Rxb5 Nc3+ 39. Kd3 Nxb5 40.
Kc4 Kc6 41. a6 Nc7 42. a7 g5 43. hxg5 hxg5 44. Be3 f4 45. gxf4 gxf4 46. Bf2 Na8
47. Bc5 Kd7 48. Kd5 Nc7+ 49. Kxe5 Kc6 50. Bf2 Kb7 51. Kxf4 Ne6+ 52. Ke5 Ng5 53.
f4 Nh3 54. Be3 Nxf4 55. Kxf4 Ka8 56. Ke5 Kb7 57. Kd6 Ka8 1/2-1/2

[Event "I C.to Italiano a squadre femminile"]
[Site "Arvier ITA"]
[Date "2008.05.02"]
[Round "1"]
[White "Ivaldi, Chiara"]
[Black "Palmitessa, Irene"]
[Result "0-1"]
[WhiteElo "1350"]
[BlackElo "1708"]
[PlyCount "100"]
[EventDate "2008.05.02"]

1. e4 e5 2. Nf3 Nc6 3. Nc3 Nf6 4. Bc4 Bc5 5. d3 h6 6. Be3 Bb6 7. O-O d6 8. h3
O-O 9. b3 Ne7 10. Nh4 c6 11. Qf3 Bxe3 12. Qxe3 b5 13. Bxf7+ Rxf7 14. b4 Be6 15.
Ne2 Nh5 16. g3 Bxh3 17. Rfd1 Qf8 18. f3 g5 19. Nf5 Bxf5 20. exf5 Rxf5 21. Kg2
Nd5 22. Qf2 g4 23. Ng1 Qf7 24. Rd2 Rf8 25. Rf1 Nxb4 26. c3 Nd5 27. c4 Ndf6 28.
cxb5 cxb5 29. Rb2 a6 30. Qb6 Nd5 31. Qxa6 Ne3+ 32. Kf2 Nxf1 33. Kxf1 Rxf3+ 34.
Nxf3 Qxf3+ 35. Ke1 Qxg3+ 36. Kd2 Rf2+ 37. Kc3 Qf4 38. Qxb5 Qd4+ 39. Kb3 Rxb2+
40. Ka3 Qc3+ 41. Ka4 Rxb5 42. Kxb5 Qxd3+ 43. Kc6 e4 44. a4 e3 45. a5 e2 46. a6
Qxa6+ 47. Kd5 e1=Q 48. Kd4 Qd2+ 49. Ke4 Qf4+ 50. Kd5 Qac4# 0-1

[Event "I C.to Italiano a squadre femminile"]
[Site "Arvier ITA"]
[Date "2008.05.02"]
[Round "1"]
[White "Matta, Francesca"]
[Black "Lattanzi, Francesca"]
[Result "1-0"]
[WhiteElo "1929"]
[BlackElo "1338"]
[PlyCount "69"]
[EventDate "2008.05.02"]

1. c4 d5 2. cxd5 Qxd5 3. Nc3 Qd8 4. Qa4+ Nc6 5. Nf3 Bd7 6. Qb3 g6 7. d4 Bg7 8.
e3 e5 9. Nxe5 Nxe5 10. dxe5 Bxe5 11. Bc4 Bc6 12. Bxf7+ Kf8 13. e4 Bd4 14. O-O
Nh6 15. Bxh6+ Bg7 16. Bxg7+ Kxg7 17. Rad1 Qf6 18. Bd5 Rad8 19. Bxc6 bxc6 20.
Qb7 Rhf8 21. Qxc7+ Rf7 22. Qxd8 Qf4 23. Rd7 Kh6 24. Rxf7 Qxf7 25. Rd1 Qf4 26.
g3 Qg5 27. Qf8+ Kh5 28. Qf3+ Kh6 29. h4 Qe7 30. Qg4 g5 31. Rd7 Qf6 32. hxg5+
Qxg5 33. Rd6+ Qg6 34. Qh4+ Kg7 35. Rxg6+ 1-0

[Event "I C.to Italiano a squadre femminile"]
[Site "Arvier ITA"]
[Date "2008.05.02"]
[Round "1"]
[White "Palmitessa, Chiara"]
[Black "Spennati, Giulia"]
[Result "1-0"]
[WhiteElo "1755"]
[BlackElo "1431"]
[PlyCount "119"]
[EventDate "2008.05.02"]

1. e4 e5 2. Nf3 d6 3. Nc3 Nf6 4. Bc4 c6 5. d3 d5 6. exd5 cxd5 7. Bb3 Nc6 8. Bg5
Bb4 9. O-O Be6 10. Ne2 e4 11. dxe4 dxe4 12. Nfd4 Nxd4 13. Nxd4 Bxb3 14. Nxb3
Qxd1 15. Raxd1 O-O 16. Bxf6 gxf6 17. Rd4 Be7 18. Rxe4 Rfe8 19. Rfe1 Kf8 20. Kf1
f5 21. Re5 Bd6 22. Rxf5 Rxe1+ 23. Kxe1 Bxh2 24. g3 Kg7 25. Rh5 Re8+ 26. Kf1
Bxg3 27. fxg3 Kg6 28. Rd5 f5 29. Rd6+ Kg5 30. Rd7 h5 31. Rg7+ Kh6 32. Rxb7 Rf8
33. Rxa7 f4 34. gxf4 Rxf4+ 35. Kg2 h4 36. Ra5 Kg6 37. Rd5 Kf6 38. Rd4 Rf5 39.
Rxh4 Kg5 40. Rc4 Kg6 41. Rc6+ Kg7 42. a4 Rg5+ 43. Kf2 Rf5+ 44. Ke2 Rh5 45. a5
Rh2+ 46. Kd3 Rh3+ 47. Kc4 Rh2 48. Kb5 Kf7 49. a6 Ke7 50. a7 Rh8 51. Rb6 Ra8 52.
Ka6 Kd8 53. Rb8+ Rxb8 54. axb8=Q+ Ke7 55. Qe5+ Kd7 56. Qf6 Kc7 57. Qe6 Kd8 58.
Nc5 Kc7 59. Qd7+ Kb8 60. Qb7# 1-0

[Event "I C.to Italiano a squadre femminile"]
[Site "Arvier ITA"]
[Date "2008.05.02"]
[Round "1"]
[White "Polin, Giulia"]
[Black "Messina, Roberta"]
[Result "0-1"]
[WhiteElo "1422"]
[BlackElo "1859"]
[PlyCount "90"]
[EventDate "2008.05.02"]

1. e4 c5 2. Nf3 d6 3. d4 cxd4 4. Nxd4 Nf6 5. Nc3 a6 6. Be3 e6 7. Be2 Be7 8. Qd2
b5 9. f3 Bb7 10. O-O Nbd7 11. Nd1 O-O 12. Nf2 Rc8 13. Rac1 Nb6 14. b3 Nfd7 15.
Nh3 d5 16. Nf2 Ba3 17. Rb1 e5 18. Nf5 d4 19. Bg5 f6 20. Bh4 Qc7 21. Ne7+ Bxe7
22. Bd3 Qc3 23. Qe2 Bb4 24. Rfd1 Nc5 25. Bg3 Ba3 26. Rd2 Bb4 27. Rdd1 Nxd3 28.
Nxd3 Ba3 29. Rd2 a5 30. Qd1 b4 31. Re2 Ba6 32. Be1 Qc6 33. Bg3 Bxd3 34. Qxd3
Rc7 35. Qd1 Rfc8 36. Qf1 Qb5 37. Qf2 Rc3 38. Rd1 Qc6 39. f4 Rxc2 40. fxe5 fxe5
41. Bxe5 d3 42. Qg3 Qc5+ 43. Kh1 g6 44. Ree1 Rc1 45. h3 d2 0-1

[Event "I C.to Italiano a squadre femminile"]
[Site "Arvier ITA"]
[Date "2008.05.02"]
[Round "1"]
[White "Reginato, Sabrina"]
[Black "Panella, Fiammetta"]
[Result "0-1"]
[WhiteElo "1793"]
[BlackElo "2042"]
[PlyCount "64"]
[EventDate "2008.05.02"]

1. e4 c5 2. Nf3 e6 3. d4 cxd4 4. Nxd4 a6 5. Nc3 Qc7 6. Bd3 Nf6 7. O-O Nc6 8.
Nxc6 dxc6 9. Be3 e5 10. f3 Be6 11. Qe2 Nd7 12. Qf2 b5 13. f4 exf4 14. Bxf4 Ne5
15. Qg3 f6 16. Kh1 Bd6 17. Ne2 c5 18. Nc3 g5 19. Bxe5 Bxe5 20. Qf3 g4 21. Qf2
g3 22. Qf3 O-O 23. hxg3 Qg7 24. Be2 Kh8 25. Nd5 Bxb2 26. Rad1 Be5 27. Nf4 Bxa2
28. c4 Bxc4 29. Bxc4 bxc4 30. Ne6 Qh6+ 31. Kg1 Rg8 32. Nf4 Bd4+ 0-1

[Event "I C.to Italiano a squadre femminile"]
[Site "Arvier ITA"]
[Date "2008.05.02"]
[Round "1"]
[White "Sautto, Alessandra"]
[Black "Sedani, Elisa"]
[Result "1-0"]
[WhiteElo "1926"]
[BlackElo "1577"]
[PlyCount "35"]
[EventDate "2008.05.02"]

1. d4 Nf6 2. Nc3 d6 3. e4 g6 4. f3 Bg7 5. Be3 O-O 6. Qd2 Nc6 7. g4 e5 8. d5 Ne7
9. O-O-O Ne8 10. h4 c6 11. h5 cxd5 12. exd5 f5 13. gxf5 Bxf5 14. hxg6 Nxg6 15.
Bh3 Qd7 16. Bxf5 Qxf5 17. Nh3 Nf4 18. Nxf4 1-0

[Event "I C.to Italiano a squadre femminile"]
[Site "Arvier ITA"]
[Date "2008.05.02"]
[Round "2"]
[White "Barbiso, Tiziana"]
[Black "Reginato, Sabrina"]
[Result "1-0"]
[WhiteElo "1970"]
[BlackElo "1793"]
[PlyCount "57"]
[EventDate "2008.05.02"]

1. e4 c5 2. Nc3 Nc6 3. f4 d6 4. Nf3 g6 5. Bc4 Bg7 6. d3 a6 7. a4 e6 8. O-O Nge7
9. Qe1 Nb4 10. Bb3 d5 11. Na2 Nbc6 12. Nc3 Nb4 13. Qf2 b6 14. a5 Bd7 15. Ne5 d4
16. Ne2 b5 17. Ng3 Nbc6 18. Nxc6 Nxc6 19. f5 Ne5 20. Bf4 Ng4 21. Qf3 Ne5 22.
Bxe5 Bxe5 23. fxe6 f6 24. exd7+ Qxd7 25. Ne2 g5 26. Qh5+ Kd8 27. Ng3 Rf8 28.
Nf5 Kc7 29. Rf3 1-0

[Event "I C.to Italiano a squadre femminile"]
[Site "Arvier ITA"]
[Date "2008.05.02"]
[Round "2"]
[White "Brunello, Marina"]
[Black "Costantini, Laura"]
[Result "1/2-1/2"]
[WhiteElo "2035"]
[BlackElo "2029"]
[PlyCount "110"]
[EventDate "2008.05.02"]

1. e4 c5 2. c3 d5 3. exd5 Qxd5 4. d4 Nf6 5. Nf3 Bg4 6. Be2 e6 7. O-O Nc6 8. Be3
cxd4 9. Nxd4 Bxe2 10. Qxe2 Nxd4 11. Bxd4 Be7 12. Nd2 O-O 13. Nf3 Qh5 14. c4
Rfd8 15. Rad1 Bd6 16. Rfe1 Bb4 17. Rf1 Bd6 18. h3 Qf5 19. b3 Qf4 20. Qe3 Qxe3
21. Bxe3 Ne4 22. Bd4 Bb4 23. g3 Nc3 24. Bxc3 Bxc3 25. Ng5 Bf6 26. Ne4 Be7 27.
Kg2 Kf8 28. Kf3 Ke8 29. h4 h6 30. Nc3 Rxd1 31. Rxd1 Rd8 32. Rxd8+ Kxd8 33. Nb5
a6 34. Nd4 Kd7 35. Nc2 e5 36. Ke4 Ke6 37. Ne3 g6 38. Nd5 f5+ 39. Kf3 Bd8 40.
Ke3 g5 41. hxg5 hxg5 42. f3 Kd6 43. g4 Ke6 44. a3 b5 45. gxf5+ Kxf5 46. cxb5
axb5 47. Nc3 b4 48. axb4 Bb6+ 49. Ke2 Bd4 50. Ne4 g4 51. Nd6+ Ke6 52. Nc4 gxf3+
53. Kxf3 Kd5 54. b5 Kc5 55. b6 Kc6 1/2-1/2